[Event "UZB-ch Women 2021"]
[Site "Tashkent"]
[Date "2021.04.23"]
[Round "7.4"]
[White "Salimova, Asal"]
[Black "Abdusattorova, Bakhora"]
[Result "1/2-1/2"]
[WhiteElo "1815"]
[BlackElo "2078"]
[Annotator "TA"]
[PlyCount "169"]
[EventDate "2021.04.17"]
[EventType "tourn"]
[EventCountry "UZB"]
[SourceTitle "playchess.com"]
[Source "ChessBase"]
[SourceQuality "1"]

{[%evp 9,169,0,0,0,27,29,29,23,43,10,18,28,34,31,58,54,80,-1,0,-2,0,0,0,0,0,-6,-3,-4,85,79,80,68,106,99,106,107,109,106,111,10,18,14,12,7,8,8,10,8,8,10,9,0,0,0,0,0,0,-14,-16,-22,-28,-27,-30,-37,-25,-85,-43,-69,-53,-60,-60,-108,-103,-120,-120,-208,-219,-253,-250,-278,-292,-270,-179,-266,-293,-342,-261,-409,-410,-391,-284,-268,-113,-132,-124,-118,-102,-150,-109,-113,-110,-157,-33,-33,-34,-91,0,-47,0,-70,-70,-79,-79,-79,-70,-75,-72,-79,-61,-78,-48,-151,-87,-120,-131,-149,-8,-8,0,0,41,-8,8,8,36,0,0,0,0,0,0,-108,0,0,0,0,0,0,0,-8,0,-8,-8,-8,0,-8,-8,-8,0,0,0,0]} 1. d4 d5 2. Bf4 c5 3. e3 Nc6 4. Nf3 Nf6 5. Nbd2 Qb6 6. dxc5 {D02: 1 d4 d5 2 Nf3 sidelines, including 2...Nf6 3 g3 and 2...Nf6 3 Bf4.} Qxc5 7. a3 Bg4 8. Be2 {White has an edge.} e6 9. O-O Be7 10. Rc1 {[#]} O-O $146 ({Predecessor:} 10... Qb6 11. b4 a5 12. b5 Nb8 13. a4 Nbd7 14. c4 O-O 15. cxd5 Nxd5 {0-1 (38) Rey,G (2346)-Smirin,I (2652) San Francisco 1999}) 11. c4 dxc4 12. Nxc4 Qd5 13. Nfe5 (13. h3 $16 Bxf3 14. Bxf3) 13... Nxe5 14. Bxe5 Bxe2 15. Qxe2 Rac8 {White should prevent ...Rxc4!} 16. Bd4 Qb5 17. Rc2 Rc7 18. Bxa7 Qa6 (18... Rfc8 $11 19. Nb6 Qxe2 20. Rxe2 Rd8) 19. Bd4 $16 Rfc8 {[%cal Rc7c4]} 20. Rfc1 $1 Nd5 21. g3 Bf6 22. Bxf6 gxf6 23. e4 Nb6 {[%cal Rc7c4]} 24. Qg4+ (24. b3 $1 $16) 24... Kf8 $11 {[%cal Rc7c4]} 25. Ne3 Rxc2 26. Rxc2 Rxc2 27. Nxc2 Qd3 28. Ne3 Qb1+ 29. Qd1 Qxb2 30. Qd8+ Kg7 31. Kg2 Qb5 32. Ng4 Nd7 33. Qc7 h5 34. Ne3 Ne5 35. Qc2 Qb6 36. Qe2 Qd4 37. Nf1 (37. Qxh5 $11 {keeps the balance.} Qxe4+ 38. Kh3) 37... Nc4 38. a4 Nb6 39. a5 Nc4 40. Qe1 Qe5 41. h4 Nxa5 42. Nd2 (42. Qb4 $17 {was necessary.}) 42... Nc6 $19 43. Nf3 Qc5 44. Ng1 Ne5 45. Nh3 Nd3 46. Qe2 (46. Qb1 {is the only way for White.} Qc4 47. Qxb7) 46... Qd4 47. Kh2 b6 48. Qxh5 (48. Kg1 $142) 48... Qxe4 49. Qd1 Ne5 50. Nf4 Qf3 (50... b5 $19 {is more deadly. And now ...b4 would win.} 51. Nh5+ Kg6 52. Nf4+ Kh7) 51. Qxf3 $17 Nxf3+ {[%mdl 4096] Endgame KN-KN} 52. Kg2 Nd2 53. f3 b5 54. Nd3 Nc4 55. Kf2 {[#]} e5 (55... Ne5 $1 $17 {[%cal Re5d3]} 56. Nc5 f5) 56. Nb4 $15 Nd6 57. Nd3 ({White should play} 57. Nd5 $15) 57... Nc4 58. Nb4 $1 Nd6 59. g4 ({White should try} 59. Nd3 $11) 59... f5 60. Nc6 f6 61. Ke3 f4+ 62. Kd3 Kf7 63. Nb4 Ke6 64. Na6 Ne8 65. h5 (65. Nc5+ $15 Ke7 66. Na6) 65... Nd6 (65... Kf7 $142 66. Nb4 Kg7) 66. Nc7+ $17 Kf7 67. Nd5 {[#]} Ne8 ({Better is} 67... Kg7 $1 $17 68. Ke2 Nf7) 68. Nc3 $1 $11 Nc7 (68... f5 {seems wilder.} 69. gxf5 Nd6 70. Nd5 Kg7 71. Nb4 Kh6) 69. Ne4 Kf8 70. Kc3 (70. Nxf6 {looks sharper.} Ke7 71. Nd7 e4+ 72. fxe4 Ne6 73. Ne5) 70... Ne8 (70... Nd5+ {is interesting.} 71. Kb3 Ke7 72. Nd2 Ke6 73. Ne4 Kf7) 71. Kb4 Nc7 72. Kc5 (72. Nxf6 $5 {[%cal Rf6d7]} Kg7 73. Ne4 $16) 72... Ne6+ 73. Kxb5 Nd4+ 74. Kc5 Nxf3 75. Kd5 (75. Nxf6 $11 Kg7 76. Ne4) 75... Kf7 (75... Kg7 $17) 76. Nd6+ {The position is equal.} Ke7 77. Ne4 Kf7 78. Nd6+ Kg7 {...Nd2 is the strong threat.} (78... Ke7 {keeps more tension.}) 79. Ne4 Ne1 80. g5 fxg5 81. Nxg5 f3 {aiming for ...f2.} 82. Nxf3 Nxf3 83. Ke4 Kh6 84. Kxf3 Kxh5 85. Ke4 {Black had all chances to win.  Weighted Error Value: White=0.25/Black=0.23} 1/2-1/2

[Event "UZB-ch Women 2021"]
[Site "Tashkent"]
[Date "2021.04.24"]
[Round "8.1"]
[White "Khegay, Yuliya"]
[Black "Salimova, Asal"]
[Result "0-1"]
[WhiteElo "1913"]
[BlackElo "1815"]
[Annotator "RC"]
[PlyCount "102"]
[EventDate "2021.04.17"]
[EventType "tourn"]
[EventCountry "UZB"]
[SourceTitle "playchess.com"]
[Source "ChessBase"]
[SourceQuality "1"]
[TimeControl "5400+30"]

1. e4 {[%emt 0:00:00]} g6 {[%emt 0:00:00]} 2. d4 {[%emt 0:00:00]} Bg7 {[%emt 0:00:00]} 3. Nf3 {[%emt 0:00:05]} c6 {[%emt 0:00:51]} 4. Nc3 {[%emt 0:01:03]} d5 {[%emt 0:02:26]} 5. h3 {[%emt 0:05:22]} h6 {[%emt 0:07:08]} 6. exd5 {[%emt 0:09:44]} cxd5 {[%emt 0:00:08]} 7. Bf4 {[%emt 0:00:39]} a6 {[%emt 0:00:44]} 8. Bd3 {[%emt 0:04:24]} Nc6 {[%emt 0:02:42]} 9. Be2 {[%emt 0:08:41]} Bf5 {[%emt 0:06:04]} 10. a3 {[%emt 0:02:12]} Be4 {[%emt 0:02:59]} 11. Be3 {[%emt 0:01:43]} e6 {[%emt 0:03:49]} 12. O-O {[%emt 0:19:39]} Bxf3 {[%emt 0:01:55]} 13. Bxf3 {[%emt 0:00:07]} Nge7 {[%emt 0:00:04]} 14. Ne2 {[%emt 0:10:47]} Nf5 {[%emt 0:00:24]} 15. c3 {[%emt 0:02:29]} Nh4 {[%emt 0:03:14]} 16. Nf4 {[%emt 0:02:10]} Nxf3+ {[%emt 0:00:15]} 17. Qxf3 {[%emt 0:00:03]} Qf6 {[%emt 0:01:03]} 18. Qe2 {[%emt 0:02:49]} O-O {[%emt 0:00:29]} 19. Nd3 {[%emt 0:01:24]} Rfc8 {[%emt 0:03:13]} 20. Qd2 {[%emt 0:02:58]} Kh7 {[%emt 0:00:31]} 21. Nc5 {[%emt 0:00:39]} b6 {[%emt 0:00:44]} 22. Nb3 {[%emt 0:00:39]} Ne7 {[%emt 0:03:13]} 23. Bf4 {[%emt 0:02:25]} Rc6 {[%emt 0:15:52]} 24. Rfe1 {[%emt 0:02:07]} Nc8 {[%emt 0:00:38]} 25. Qe3 {[%emt 0:05:43]} Nd6 {[%emt 0:01:23]} 26. Bxd6 {[%emt 0:00:09]} Rxd6 {[%emt 0:00:01]} 27. Nc1 {[%emt 0:01:14]} Rc6 {[%emt 0:03:46]} 28. Nd3 {[%emt 0:00:07]} Bf8 {[%emt 0:02:40]} 29. Ne5 {[%emt 0:02:15]} Rc7 {[%emt 0:00:10]} 30. Rad1 {[%emt 0:02:19]} Bd6 {[%emt 0:03:22]} 31. Nd3 {[%emt 0:01:08]} Rac8 {[%emt 0:01:01]} 32. f4 {[%emt 0:05:58]} b5 {[%emt 0:00:31]} 33. Rf1 {[%emt 0:01:00]} a5 {[%emt 0:00:56]} 34. Rd2 {[%emt 0:03:23]} b4 {[%emt 0:03:26]} 35. axb4 {[%emt 0:00:01]} axb4 {[%emt 0:00:03]} 36. cxb4 {[%emt 0:00:03]} Rc4 {[%emt 0:00:20]} 37. Ne5 {[%emt 0:00:50]} Rxb4 {[%emt 0:00:17]} 38. g4 {[%emt 0:01:57]} Re8 {[%emt 0:12:51]} 39. Kg2 {[%emt 0:00:33]} Qg7 {[%emt 0:00:54]} 40. Qc3 {[%emt 0:00:15]} f6 {[%emt 0:01:31]} 41. Nf3 {[%emt 0:00:16]} Rc4 {[%emt 0:00:13]} 42. Qe3 {[%emt 0:00:09]} Qc7 {[%emt 0:01:45]} 43. Ne1 {[%emt 0:01:08]} Re7 {[%emt 0:01:43]} 44. Rff2 {[%emt 0:00:20]} Bb4 {[%emt 0:02:00]} 45. Rd3 {[%emt 0:00:48]} Rc1 {[%emt 0:00:57]} 46. Nf3 {[%emt 0:00:03]} Rc2 {[%emt 0:00:52]} 47. Ne1 {[%emt 0:00:55]} Rxf2+ {[%emt 0:00:21]} 48. Kxf2 {[%emt 0:00:07]} e5 {[%emt 0:00:47]} 49. fxe5 {[%emt 0:00:42]} fxe5 {[%emt 0:00:05]} 50. Ng2 {[%emt 0:00:42]} exd4 {[%emt 0:01:10]} 51. Qg3 {[%emt 0:00:02]} Bd6 {[%emt 0:00:42]} 0-1

[Event "UZB-ch Women 2021"]
[Site "Tashkent"]
[Date "2021.04.24"]
[Round "8.2"]
[White "Yakubbaeva, Nilufar"]
[Black "Shokirjonova, Barchinoy"]
[Result "1-0"]
[WhiteElo "2275"]
[BlackElo "1594"]
[Annotator "TA"]
[PlyCount "65"]
[EventDate "2021.04.17"]
[EventType "tourn"]
[EventCountry "UZB"]
[SourceTitle "playchess.com"]
[Source "ChessBase"]
[SourceQuality "1"]

{[%evp 10,65,19,8,22,14,25,30,46,46,46,17,31,8,5,-2,0,10,22,35,37,40,66,68,69,67,88,87,127,122,119,124,126,125,133,122,131,118,147,169,356,350,336,302,341,336,535,532,693,623,681,678,638,652,864,809,910,887]} 1. d4 Nf6 2. Nf3 g6 3. Nc3 d5 4. Bf4 Bg7 5. e3 c6 6. Bd3 Nbd7 {D00: 1 d4 d5: Unusual lines.} 7. h3 a6 {[#]} 8. a4 $146 ({Predecessor:} 8. Bh2 O-O 9. Ne2 Re8 10. c3 Qb6 11. Rb1 Qd8 12. g4 Nf8 13. Ng3 h6 14. g5 hxg5 15. Nxg5 {1-0 (34) Llacuna Roca,J (1665)-Martinez Sanchez,F (1604) Igualada 2016}) 8... Qa5 {White has an edge.} 9. O-O O-O 10. Qe2 Re8 11. e4 dxe4 12. Nxe4 Nxe4 13. Qxe4 Nf6 14. Qe2 Bf5 15. Bc4 Nd5 16. Bh2 Rad8 17. c3 Bh6 {Black is on the road to losing.} 18. Ne5 f6 {[#]} 19. g4 $1 Bc8 {[#]} 20. b4 $1 Qb6 {[#]} 21. a5 $1 Qa7 22. Nd3 Kh8 23. Bxd5 Rxd5 24. Nc5 f5 $2 (24... e5 25. Rfd1 b6) 25. c4 $18 Rdd8 26. Bc7 fxg4 27. hxg4 ({Don't do} 27. Bxd8 Rxd8 28. Qxe7 Rf8 $18) 27... Qa8 (27... Bg7 $142 28. Bxd8 Rxd8 29. Qxe7 Rf8) 28. Rad1 {White is clearly winning.} Bg7 29. d5 cxd5 30. Bxd8 Rxd8 31. Rxd5 Rxd5 32. cxd5 Qb8 33. Qxe7 {Weighted Error Value: White=0.03/Black=0.37} 1-0

[Event "UZB-ch Women 2021"]
[Site "Tashkent"]
[Date "2021.04.24"]
[Round "8.3"]
[White "Malikova, Marjona"]
[Black "Semenova, Irina"]
[Result "1/2-1/2"]
[WhiteElo "1651"]
[BlackElo "2188"]
[Annotator "TA"]
[PlyCount "63"]
[EventDate "2021.04.17"]
[EventType "tourn"]
[EventCountry "UZB"]
[SourceTitle "playchess.com"]
[Source "ChessBase"]
[SourceQuality "1"]

{[%evp 9,63,-14,0,0,0,0,30,-3,0,-4,5,-17,0,-7,-22,0,21,28,24,25,26,0,0,0,12,13,17,4,20,20,20,24,25,17,12,0,0,0,2,-7,0,0,0,0,0,2,17,0,0,0,0,0,0,0,0,0]} 1. d4 d5 2. c4 e6 3. Nc3 c6 4. cxd5 exd5 5. Qc2 g6 6. e4 {D31: Queen's Gambit Declined: Semi-Slav without ...Nf6 (+ Marshall Gambit and Noteboom) and Exchange Variation lines without ...Nf6.} dxe4 7. Qxe4+ Qe7 (7... Be7 {is more complex.} 8. Nf3 Nf6 9. Qf4 O-O 10. Bc4 Nd5) 8. Bg5 {White has an edge.} Qxe4+ 9. Nxe4 Bf5 10. O-O-O {[#]} f6 $146 (10... Bxe4 $5 11. Re1 $8 f5 $11) ({Predecessor:} 10... Bxe4 11. Re1 f5 12. f3 Bb4 13. Bd2 Bxd2+ 14. Kxd2 Nf6 15. Bd3 O-O 16. fxe4 fxe4 17. Bxe4 {0-1 (42) Pankov,G (2248)-Vitiugov,N (2355) St Petersburg 2002}) 11. Bf4 ({Don't play} 11. Nxf6+ Nxf6 12. Bxf6 Bh6+ 13. Rd2 Rf8 $17) 11... Bxe4 12. Re1 Kf7 {[#] Strongly threatening ...Bd5.} 13. Rxe4 {aiming for Bc4+.} Ne7 14. Bc4+ Nd5 15. Nf3 (15. Ne2 $5 {[%cal Re2c3]} Nd7 16. Re1 $14) 15... Nd7 16. Rhe1 N7b6 17. Bb3 Bb4 18. Bd2 Bd6 19. Re6 Rad8 20. Ba5 Rhe8 21. Rxe8 Rxe8 {The position is equal.} 22. Rxe8 Kxe8 23. g3 Nc8 24. Nd2 b6 25. Bc3 Kd7 26. Ne4 {White wants to play Bxd5.} Be7 27. Bd2 Nd6 (27... b5 {is interesting.} 28. Kc2 f5 29. Nc5+ Kd6 30. Kd3 Ncb6) 28. Nxd6 Bxd6 29. Bh6 Ke6 30. Kd2 Kf7 31. h4 f5 32. Bxd5+ {A rather calm draw.  Weighted Error Value: White=0.06/Black=0.06} 1/2-1/2

[Event "UZB-ch Women 2021"]
[Site "Tashkent"]
[Date "2021.04.24"]
[Round "8.4"]
[White "Saparova, Sitora"]
[Black "Omonova, Umida"]
[Result "0-1"]
[WhiteElo "2017"]
[BlackElo "2008"]
[Annotator "TA"]
[PlyCount "71"]
[EventDate "2021.04.17"]
[EventType "tourn"]
[EventCountry "UZB"]
[SourceTitle "playchess.com"]
[Source "ChessBase"]
[SourceQuality "1"]

{[%evp 20,71,0,0,0,0,0,-17,0,0,0,-31,-29,-55,-47,-58,-40,-84,-82,-73,-77,-79,-61,-57,-53,-65,-6,-12,0,0,0,-109,-113,-109,-104,-228,-217,-234,-210,-221,-217,-248,-127,-121,-122,-131,-129,-535,-568,-569,-578,-565,-550,-577]} 1. e4 c5 2. c3 d5 3. exd5 Qxd5 4. d4 Nc6 5. Nf3 Nf6 6. Be2 cxd4 7. cxd4 e6 8. Nc3 Qd8 9. Bf4 Be7 10. O-O O-O 11. Rc1 b6 {B22: Sicilian: 2 c3.} 12. a3 Bb7 13. Qd3 Nd5 {The position is equal.} 14. Nxd5 Qxd5 {[#]} 15. Bd1 $146 ({Predecessor:} 15. Rfd1 Bf6 16. Be5 Bxe5 17. dxe5 Qxd3 18. Rxd3 Rfd8 19. Rdc3 Rac8 20. h3 Ne7 21. R3c2 {0-1 (43) Rose,A-Rechel,R (2127) Wiesbaden 1999}) 15... Bf6 {[%cal Rc6d4]} 16. Bb3 Qh5 17. Qe3 Rad8 {[%cal Rc6d4]} 18. Rfd1 Ne7 19. Ne5 Nf5 20. Qc3 Bxe5 (20... Rd6 {keeps more tension.} 21. d5 g5 22. Bg3 Bxd5 23. Bxd5 Rxd5 24. Rxd5 exd5 25. f4 d4) 21. Bxe5 Qg5 {[%csl Gb7][%cal Rg5g2]} 22. d5 exd5 $40 {[%mdl 128] Black attacks.} ({Better is} 22... h6 $15) 23. Qf3 $11 Rd7 24. Bc2 d4 25. Be4 (25. Qh3 $11 d3 26. f4 (26. Bxd3 $2 Rxd3 27. f4 Rxd1+ 28. Rxd1 Qg6 $19) 26... Bxg2 27. Qxd3 (27. fxg5 Bxh3 28. Rxd3 Rxd3 $11) (27. Qxg2 $2 Qxg2+ 28. Kxg2 Ne3+ {[%mdl 64] Double Attack} 29. Kf3 Nxc2 $19) (27. Rxd3 Bxh3+ 28. fxg5 Re7 $11) 27... Rxd3 28. fxg5 Rxd1+ 29. Bxd1) 25... Bxe4 $17 26. Qxe4 Re7 27. f4 (27. h3 $17) 27... Qg6 $1 $19 28. Qd3 Rd7 29. Qb5 Qe6 30. Rc6 {[#]} Qe7 (30... Rd5 $1 $19 31. Qc4 Qd7) 31. Qd3 $17 Ne3 32. Re1 Qh4 33. Rcc1 {[%mdl 8192] [#]} (33. Re2 $17) 33... Ng4 $1 $19 {Black is clearly winning.} 34. Qg3 Qxg3 35. hxg3 f6 36. Rc7 {Weighted Error Value: White=0.46/Black=0.13} 0-1

[Event "UZB-ch Women 2021"]
[Site "Tashkent"]
[Date "2021.04.25"]
[Round "9.1"]
[White "Semenova, Irina"]
[Black "Saparova, Sitora"]
[Result "1-0"]
[WhiteElo "2188"]
[BlackElo "2017"]
[Annotator "ChessBase"]
[PlyCount "75"]
[EventDate "2021.04.17"]
[EventType "tourn"]
[EventCountry "UZB"]
[SourceTitle "playchess.com"]
[Source "ChessBase"]
[SourceQuality "1"]
[TimeControl "5400+30"]

1. Nf3 {[%emt 0:00:00]} Nf6 {[%emt 0:00:00]} 2. c4 {[%emt 0:00:00]} c5 {[%emt 0:00:06]} 3. Nc3 {[%emt 0:00:00]} Nc6 {[%emt 0:00:34]} 4. g3 {[%emt 0:00:33]} g6 {[%emt 0:00:15]} 5. d4 {[%emt 0:00:17]} cxd4 {[%emt 0:02:45]} 6. Nxd4 {[%emt 0:00:08]} Bg7 {[%emt 0:00:14]} 7. Bg2 {[%emt 0:00:20]} O-O {[%emt 0:00:24]} 8. O-O {[%emt 0:00:44]} Qa5 {[%emt 0:11:40]} 9. Nb3 {[%emt 0:00:27]} Qd8 {[%emt 0:15:40]} 10. c5 {[%emt 0:11:56]} b6 {[%emt 0:05:33]} 11. cxb6 {[%emt 0:00:44]} axb6 {[%emt 0:01:11]} 12. h3 {[%emt 0:00:50]} Bb7 {[%emt 0:01:16]} 13. Be3 {[%emt 0:11:51]} d6 {[%emt 0:02:08]} 14. Qd2 {[%emt 0:09:04]} Na5 {[%emt 0:09:16]} 15. Bxb7 {[%emt 0:16:40]} Nxb7 {[%emt 0:00:05]} 16. Nd4 {[%emt 0:00:09]} Nc5 {[%emt 0:00:28]} 17. Kh2 {[%emt 0:08:19]} Qd7 {[%emt 0:05:07]} 18. Rfd1 {[%emt 0:02:30]} Na4 {[%emt 0:11:10]} 19. Nxa4 {[%emt 0:18:15]} Rxa4 {[%emt 0:00:31]} 20. Qd3 {[%emt 0:01:32]} Ra5 {[%emt 0:04:12]} 21. Kg2 {[%emt 0:00:59]} Rh5 {[%emt 0:06:13]} 22. Rh1 {[%emt 0:00:41]} e5 {[%emt 0:04:59]} 23. Nb3 {[%emt 0:00:55]} Qb7+ {[%emt 0:00:18]} 24. Kg1 {[%emt 0:01:12]} Ng4 {[%emt 0:02:21]} 25. Rd1 {[%emt 0:01:49]} Rd8 {[%emt 0:07:06]} 26. Qd5 {[%emt 0:00:37]} Qxd5 {[%emt 0:00:34]} 27. Rxd5 {[%emt 0:00:07]} Nxe3 {[%emt 0:00:22]} 28. fxe3 {[%emt 0:00:06]} Bh6 {[%emt 0:04:29]} 29. e4 {[%emt 0:03:38]} f5 {[%emt 0:03:32]} 30. Kg2 {[%emt 0:00:08]} Bf8 {[%emt 0:00:41]} 31. Rc1 {[%emt 0:01:41]} Rg5 {[%emt 0:00:40]} 32. Nd2 {[%emt 0:01:05]} fxe4 {[%emt 0:01:24]} 33. g4 {[%emt 0:02:18]} Bh6 {[%emt 0:00:30]} 34. Rf1 {[%emt 0:00:26]} e3 {[%emt 0:00:37]} 35. Ne4 {[%emt 0:00:19]} Rc8 {[%emt 0:00:34]} 36. Rxd6 {[%emt 0:00:45]} Rc2 {[%emt 0:00:32]} 37. Rd8+ {[%emt 0:01:02]} Kg7 {[%emt 0:00:01]} 38. Rd5 {[%emt 0:06:53]} 1-0

[Event "UZB-ch Women 2021"]
[Site "Tashkent"]
[Date "2021.04.25"]
[Round "9.2"]
[White "Orazmukhammedova, Makhim"]
[Black "Malikova, Marjona"]
[Result "0-1"]
[WhiteElo "1898"]
[BlackElo "1651"]
[Annotator "NA"]
[PlyCount "72"]
[EventDate "2021.04.17"]
[EventType "tourn"]
[EventCountry "UZB"]
[SourceTitle "playchess.com"]
[Source "ChessBase"]
[SourceQuality "1"]
[TimeControl "5400+30"]

1. d4 {[%emt 0:00:00]} Nf6 {[%emt 0:00:00]} 2. c4 {[%emt 0:00:00]} g6 {[%emt 0:00:00]} 3. Nc3 {[%emt 0:00:00]} Bg7 {[%emt 0:00:00]} 4. e4 {[%emt 0:00:00]} d6 {[%emt 0:00:00]} 5. Be2 {[%emt 0:00:18]} O-O {[%emt 0:00:16]} 6. Bg5 {[%emt 0:00:07]} h6 {[%emt 0:01:11]} 7. Bh4 {[%emt 0:00:19]} Nbd7 {[%emt 0:01:21]} 8. Nf3 {[%emt 0:00:07]} e5 {[%emt 0:03:30]} 9. d5 {[%emt 0:00:24]} g5 {[%emt 0:02:27]} 10. Bg3 {[%emt 0:00:01]} Nc5 {[%emt 0:01:18]} 11. Nd2 {[%emt 0:00:25]} a5 {[%emt 0:01:01]} 12. O-O {[%emt 0:00:45]} Nh7 {[%emt 0:03:16]} 13. Bg4 {[%emt 0:09:51]} f5 {[%emt 0:04:51]} 14. exf5 {[%emt 0:00:07]} Bxf5 {[%emt 0:00:06]} 15. Bxf5 {[%emt 0:00:04]} Rxf5 {[%emt 0:00:07]} 16. Nde4 {[%emt 0:00:44]} (16. f3 $16) 16... Nxe4 {[%emt 0:00:33]} 17. Nxe4 {[%emt 0:00:02]} Nf6 {[%emt 0:03:03]} 18. Qc2 {[%emt 0:13:41]} Nxe4 {[%emt 0:00:48]} 19. Qxe4 {[%emt 0:00:02]} Qf6 {[%emt 0:00:26]} 20. f3 {[%emt 0:01:08]} h5 {[%emt 0:02:08]} 21. h3 {[%emt 0:10:22]} Rf8 $11 {[%emt 0:01:56]} 22. Rae1 {[%emt 0:23:21]} Bh6 {[%emt 0:11:34]} 23. b3 {[%emt 0:08:14]} Rf7 {[%emt 0:02:00]} 24. a3 {[%emt 0:03:02]} g4 {[%emt 0:02:51]} 25. hxg4 {[%emt 0:05:31]} hxg4 {[%emt 0:00:11]} 26. Qxg4+ {[%emt 0:02:38]} Rg7 {[%emt 0:00:35]} 27. Bh4 {[%emt 0:01:10]} Qf7 {[%emt 0:08:37]} 28. Qh3 {[%emt 0:00:01]} Bf4 {[%emt 0:02:16]} 29. Kf2 {[%emt 0:02:13]} Rh5 {[%emt 0:00:57]} 30. Qc8+ {[%emt 0:06:06]} Kh7 {[%emt 0:00:33]} 31. g3 {[%emt 0:00:22]} Qg6 {[%emt 0:03:38]} 32. Rg1 {[%emt 0:07:50]} Qc2+ {[%emt 0:15:02]} 33. Re2 {[%emt 0:00:49]} Qd3 {[%emt 0:00:06]} 34. Qh3 {[%emt 0:04:10]} Qd4+ {[%emt 0:02:53]} 35. Kf1 {[%emt 0:00:21]} Be3 {[%emt 0:01:32]} 36. Rgg2 {[%emt 0:01:09]} Qd1+ {[%emt 0:26:57]} 0-1

[Event "UZB-ch Women 2021"]
[Site "Tashkent"]
[Date "2021.04.25"]
[Round "9.3"]
[White "Salimova, Asal"]
[Black "Yakubbaeva, Nilufar"]
[Result "0-1"]
[WhiteElo "1815"]
[BlackElo "2275"]
[Annotator "ChessBase"]
[PlyCount "98"]
[EventDate "2021.04.17"]
[EventType "tourn"]
[EventCountry "UZB"]
[SourceTitle "playchess.com"]
[Source "ChessBase"]
[SourceQuality "1"]
[TimeControl "5400+30"]

1. e4 {[%emt 0:00:25]} c5 {[%emt 0:01:48]} 2. Nf3 {[%emt 0:00:34]} Nc6 {[%emt 0:01:03]} 3. g3 {[%emt 0:02:54]} d5 {[%emt 0:04:25]} 4. exd5 {[%emt 0:00:22]} Qxd5 {[%emt 0:00:15]} 5. Nc3 {[%emt 0:02:37]} Qe6+ {[%emt 0:00:09]} 6. Qe2 {[%emt 0:04:26]} Qxe2+ {[%emt 0:00:32]} 7. Bxe2 {[%emt 0:00:35]} e5 {[%emt 0:00:41]} 8. Nd5 {[%emt 0:07:44]} Bd6 {[%emt 0:01:29]} 9. b3 {[%emt 0:04:32]} Nge7 {[%emt 0:04:14]} 10. Nxe7 {[%emt 0:00:53]} Kxe7 {[%emt 0:00:31]} 11. Bb2 {[%emt 0:00:17]} f6 {[%emt 0:00:43]} 12. O-O-O {[%emt 0:01:42]} Be6 {[%emt 0:07:22]} 13. Rde1 {[%emt 0:07:18]} Kf7 {[%emt 0:09:07]} 14. d3 {[%emt 0:05:30]} Bd5 {[%emt 0:09:18]} 15. Rhf1 {[%emt 0:04:42]} Nd4 {[%emt 0:00:26]} 16. Nd2 {[%emt 0:01:53]} Bc7 {[%emt 0:03:00]} 17. Bh5+ {[%emt 0:05:42]} g6 {[%emt 0:00:32]} 18. Bd1 {[%emt 0:00:19]} Rad8 {[%emt 0:00:16]} 19. f3 {[%emt 0:14:13]} h5 {[%emt 0:04:05]} 20. Rf2 {[%emt 0:04:11]} h4 {[%emt 0:10:52]} 21. g4 {[%emt 0:00:12]} g5 {[%emt 0:01:04]} 22. Nf1 {[%emt 0:08:41]} Ba5 {[%emt 0:06:39]} 23. c3 {[%emt 0:05:43]} Ne6 {[%emt 0:00:20]} 24. Kc2 {[%emt 0:03:27]} Nf4 {[%emt 0:07:04]} 25. Re3 {[%emt 0:01:31]} Bc6 {[%emt 0:05:39]} 26. c4 {[%emt 0:02:14]} Rd7 {[%emt 0:01:31]} 27. Bc3 {[%emt 0:00:36]} Bxc3 {[%emt 0:01:16]} 28. Kxc3 {[%emt 0:00:01]} Rhd8 {[%emt 0:00:08]} 29. Be2 {[%emt 0:02:56]} h3 {[%emt 0:00:14]} 30. Ng3 {[%emt 0:04:33]} Ng2 {[%emt 0:00:47]} 31. Nf5 {[%emt 0:00:06]} Nxe3 {[%emt 0:00:19]} 32. Nxe3 {[%emt 0:00:05]} b5 {[%emt 0:00:05]} 33. Bf1 {[%emt 0:01:18]} b4+ {[%emt 0:01:22]} 34. Kc2 {[%emt 0:01:00]} a5 {[%emt 0:00:35]} 35. Nd1 {[%emt 0:00:59]} a4 {[%emt 0:00:14]} 36. Nb2 {[%emt 0:00:21]} axb3+ {[%emt 0:00:36]} 37. axb3 {[%emt 0:00:03]} Ra7 {[%emt 0:01:25]} 38. Bxh3 {[%emt 0:00:39]} Ra1 {[%emt 0:00:33]} 39. Bf1 {[%emt 0:00:29]} Rda8 {[%emt 0:00:39]} 40. Be2 {[%emt 0:02:51]} R8a2 {[%emt 0:00:08]} 41. Bf1 {[%emt 0:00:35]} Re1 {[%emt 0:00:30]} 42. Be2 {[%emt 0:00:30]} Rea1 {[%emt 0:00:56]} 43. Bf1 {[%emt 0:00:30]} Re1 {[%emt 0:00:04]} 44. Be2 {[%emt 0:00:30]} Ke6 {[%emt 0:00:30]} 45. h3 {[%emt 0:00:55]} Rh1 {[%emt 0:02:47]} 46. Bf1 {[%emt 0:00:20]} Ra1 {[%emt 0:00:22]} 47. Nd1 {[%emt 0:00:38]} Bxf3 {[%emt 0:00:35]} 48. Rxf3 {[%emt 0:00:24]} Rh2+ {[%emt 0:00:28]} 49. Rf2 {[%emt 0:00:41]} Ra2+ {[%emt 0:01:12]} 0-1